000 00536nam a2200181Ia 4500
005 20250923144414.0
008 008 250917s9999 xx 000 0 eng d
037 _aTextual
040 _aDSWL
_beng
_cDSWL
041 _aeng
_2eng
084 _aYX,Z5.73,M940wX8(J), N37
_qDSWL
100 _aStewart, A.M
_9824569
245 0 _aIndustrial work of the YWCA
_cby A.M Stewart
260 _aNew York
_c1937
300 _a258 p.
942 _cTEXL
_hYX,Z5.73,M940wX8(J), N37
999 _c1438454
_d1438454